Statistics for Transcontinental countries

Click here to take the quiz!

General Stats

  • This quiz has been taken 41 times
  • The average score is 5 of 5

Answer Stats

CountrySplit between% Correct
RussiaAsia and Europe
100%
TurkeyAsia and Europe
100%
EgyptAfrica and Asia
98%
PanamaNorth and
South America
98%
KazakhstanAsia and Europe
78%

Score Distribution

Percentile by Number Answered

Percent of People with Each Score

Your Score History

You have not taken this quiz